000 00596cam a2200205 a 4500
001 000019838
005 20200929170147.0
008 830722s1966 sp 000 0 spa d
040 _aDO-SdBNP
_bspa
_cLC
_dBNPHU
082 _a863.64
_bL614h, 1966
100 1 _aLera, Angel María de,
_d1912-
_942345
245 1 0 _aHemos perdido el sol /
_cAngel María de Lera.
250 _a4a ed.
260 _aMadrid, :
_bAguilar,
_c1966.
300 _a377 p. ;
_c20 cm.
650 4 _aNovela española
_91123
650 4 _aLiteratura española
_9632
910 _aCatalogación derivada / LC
049 _aBNGR
999 _c19351
_d19351